[Event "Heraklion op 16th"]
[Site "Heraklion"]
[Date "2016.01.05"]
[Round "4"]
[White "Papadogianni, Rodanthi"]
[Black "Bras, Emanouel"]
[Result "0-1"]
[WhiteElo "1595"]
[BlackElo "1960"]
[PlyCount "29"]
[EventDate "2016.01.03"]
[EventType "swiss"]
[EventRounds "9"]
[EventCountry "GRE"]
[SourceTitle "EXT 2024"]
[Source "ChessBase"]
[SourceDate "2023.10.10"]
[SourceVersion "1"]
[SourceVersionDate "2023.10.10"]
[SourceQuality "1"]

1. e4 c6 2. d4 d5 3. e5 Bf5 4. Bd3 Bxd3 5. Qxd3 e6 6. Nf3 Ne7 7. 0-0 c5 8. c3 Nec6 9. Ng5 Be7 10. f4 Nd7 11. Nxh7 cxd4 12. cxd4 Nxd4 13. Be3 Nf5 14. Ng5 Nxe3 15. Qxe3 0-1

[Event "Crete Poa op"]
[Site "Crete"]
[Date "2012.04.28"]
[Round "5"]
[White "Papadogianni, Rodanthi"]
[Black "Varveraki, Argiri"]
[Result "1-0"]
[WhiteElo "1618"]
[BlackElo "1526"]
[PlyCount "79"]
[EventDate "2012.04.26"]
[EventType "swiss"]
[EventRounds "7"]
[EventCountry "GRE"]
[SourceTitle "EXT 2024"]
[Source "ChessBase"]
[SourceDate "2023.10.10"]
[SourceVersion "1"]
[SourceVersionDate "2023.10.10"]
[SourceQuality "1"]

1. e4 e6 2. d4 d5 3. e5 c5 4. c3 Nc6 5. Nf3 a6 6. a3 Nh6 7. b4 cxd4 8. cxd4 Nf5 9. Bb2 Qb6 10. g4 Nfe7 11. Nc3 Bd7 12. Na4 Qd8 13. Nc5 Rb8 14. Nxd7 Qxd7 15. Bd3 b5 16. Ng5 Ng6 17. Qf3 h6 18. Bxg6 fxg6 19. Nh3 Qa7 20. Qd3 Qf7 21. Rc1 Rc8 22. 0-0 Be7 23. Rc2 0-0 24. Rfc1 Na7 25. Rc7 Rxc7 26. Rxc7 Nc8 27. Qc2 Nb6 28. Ra7 Nc8 29. Rxa6 Qf3 30. Qc3 Qxg4+ 31. Qg3 Qxg3+ 32. hxg3 Kf7 33. Nf4 g5 34. Nxe6 Re8 35. Nc7 Rd8 36. Nxb5 h5 37. Nc3 Bf8 38. Ra8 Ke6 39. Ra6+ Ke7 40. b5 1-0

[Event "Heraklion SOI op 4th"]
[Site "Heraklion"]
[Date "2012.01.08"]
[Round "7"]
[White "Papadogianni, Rodanthi"]
[Black "Markomihelakis, Dimitrios"]
[Result "1-0"]
[WhiteElo "1265"]
[BlackElo "1432"]
[PlyCount "113"]
[EventDate "2012.01.04"]
[EventType "swiss"]
[EventRounds "7"]
[EventCountry "GRE"]
[SourceTitle "EXT 2024"]
[Source "ChessBase"]
[SourceDate "2023.10.10"]
[SourceVersion "1"]
[SourceVersionDate "2023.10.10"]
[SourceQuality "1"]

1. e4 c6 2. d4 d5 3. e5 Bf5 4. Nf3 e6 5. Be2 c5 6. c3 Nc6 7. 0-0 cxd4 8. cxd4 Rc8 9. a3 Nge7 10. b4 Bg4 11. Nbd2 Nf5 12. Nb3 a6 13. h3 Bxf3 14. Bxf3 Qb6 15. Bb2 Be7 16. Bg4 Nh4 17. g3 Ng6 18. h4 Nxh4 19. gxh4 Bxh4 20. Bxe6 fxe6 21. Qh5+ Ke7 22. Qxh4+ g5 23. Qh6 Rcg8 24. Qf6+ Kd7 25. Nc5+ Kc7 26. Qxe6 h5 27. Qd7+ Kb8 28. Qxd5 Kc8 29. Nd7 Qc7 30. e6 g4 31. Qc5 g3 32. f4 h4 33. d5 g2 34. d6 Qd8 35. Bxh8 Rxh8 36. Qb6 gxf1Q+ 37. Kxf1 h3 38. Qxd8+ Kxd8 39. Kg1 Nd4 40. Kh2 Nxe6 41. Ne5 Rh7 42. Rg1 Rg7 43. Rxg7 Nxg7 44. Kxh3 Ne8 45. d7 Nf6 46. Kh4 Ke7 47. Kg5 Ne4+ 48. Kg6 b5 49. f5 Nd6 50. d8Q+ Kxd8 51. Nf7+ Nxf7 52. Kxf7 Kd7 53. f6 Kd8 54. Kf8 Kd7 55. f7 Kd8 56. Kg7 Ke7 57. f8Q+ 1-0

[Event "Heraklion 3rd op A"]
[Site "Heraklion"]
[Date "2011.09.07"]
[Round "3"]
[White "Serpetsidaki, Eva"]
[Black "Papadogianni, Rodanthi"]
[Result "0-1"]
[WhiteElo "1398"]
[BlackElo "1310"]
[PlyCount "48"]
[EventDate "2011.09.06"]
[EventType "swiss"]
[EventRounds "7"]
[EventCountry "GRE"]
[SourceTitle "EXT 2024"]
[Source "ChessBase"]
[SourceDate "2023.10.10"]
[SourceVersion "1"]
[SourceVersionDate "2023.10.10"]
[SourceQuality "1"]

1. e4 c5 2. Nf3 Nc6 3. d4 cxd4 4. Nxd4 a6 5. Nc3 e6 6. Be3 Nf6 7. f3 Nxd4 8. Qxd4 d5 9. 0-0-0 Be7 10. exd5 exd5 11. Nxd5 0-0 12. Nxe7+ Qxe7 13. Qd2 Be6 14. Kb1 Rfd8 15. Qc1 Rxd1 16. Qxd1 Bxa2+ 17. Kxa2 Qxe3 18. Bd3 Qe6+ 19. Kb1 Re8 20. Qd2 b5 21. h3 Nd7 22. b4 Nb6 23. Be4 Nc4 24. Qd5 Qf6 0-1